| 000 | 00920nam a22002297a 4500 | ||
|---|---|---|---|
| 003 | DO-SdBNP | ||
| 005 | 20220929091800.0 | ||
| 007 | ta | ||
| 008 | 110301s1937 cu 000 0 spa d | ||
| 040 |
_aDO-SdBNP _bspa _cBNPHU |
||
| 082 | 4 |
_axxxx _bL791M |
|
| 100 |
_aLlaverias y Martinez, Joaquin, _942404 _d1875- 1956 |
||
| 245 | 1 | 0 |
_aMiguel Aldama, o la dignidad patriótica / _cJoaquín Llaverías |
| 260 |
_aLa Habana, Cuba : _bImprenta Molina, _c1937. |
||
| 300 |
_a64 p. : _c24 cm. |
||
| 500 | _aConferencia leída el 23 de diciembre de 1937, en el Palacio Municipal, correspondiente a la serie sobre Habaneros Ilustres, y publicada en el número 11 de los cuadernos de historia Habanera. | ||
| 500 | _aEjemplar autografiado por el autor para Julio Ortega Frier. | ||
| 504 | _aIncluye notas bibliográficas a pie de paginas. | ||
| 590 | _aInventariado, 2022/ YL | ||
| 910 | _aYLockward | ||
| 942 |
_2ddc _cLBS1 |
||
| 999 |
_c52488 _d52488 |
||